|
|
|
|
| LEADER |
01267nam a2200385 a 4500 |
| 001 |
000189513 |
| 003 |
CZ BrMZK |
| 005 |
20210428080022.0 |
| 007 |
ta |
| 008 |
960815s1997 xr e cze d |
| 015 |
|
|
|a cnb000213439
|
| 020 |
|
|
|a 80-86042-04-9
|
| 035 |
|
|
|a (OCoLC)38152423
|
| 040 |
|
|
|a BOA001
|b cze
|
| 043 |
|
|
|a e-xr---
|b e-xr-pa
|2 czenas
|
| 045 |
|
|
|a x-x-
|
| 072 |
|
7 |
|a 629
|x Dopravní prostředky
|2 Konspekt
|9 19
|
| 080 |
|
|
|a 629.7
|2 MRF
|
| 080 |
|
|
|a 629.7(091)
|2 MRF
|
| 080 |
|
|
|a (437.314)
|2 MRF
|
| 080 |
|
|
|a (0:82-96)
|2 MRF
|
| 100 |
1 |
|
|a Havel, Josef,
|d 1937-2023
|7 jn20000400901
|4 aut
|
| 245 |
1 |
0 |
|a Z historie létání v Ústí nad Orlicí /
|c Josef Havel
|
| 250 |
|
|
|a Vyd. 1.
|
| 260 |
|
|
|a Ústí nad Orlicí :
|b Oftis,
|c 1997
|
| 300 |
|
|
|a 187 s. :
|b il. ;
|c 21 cm
|
| 500 |
|
|
|a Bibliogr.
|
| 648 |
|
7 |
|a 20. století
|7 ch460558
|2 czenas
|
| 650 |
0 |
7 |
|a letectví
|7 ph115130
|z Česko
|y 20. století
|2 czenas
|
| 650 |
0 |
7 |
|a dějiny letectví
|7 ph488979
|z Česko
|y 20. století
|2 czenas
|
| 651 |
|
7 |
|a Ústí nad Orlicí (Česko)
|7 ge131768
|2 czenas
|
| 655 |
|
7 |
|a literatura faktu
|7 fd132773
|2 czenas
|
| 910 |
|
|
|a BOA001
|b 2-1033.734
|
| 990 |
|
|
|a BK
|
| 996 |
6 |
|
|b 2610053406
|c 2-1033.734
|l MZK
|r Sklad / do 1 hodiny
|n 5
|p p.v.
|w 000189513
|u 000010
|a 1
|e BOA001
|j MZK50
|s P
|